| 000 | 00450nam a2200181Ia 4500 | ||
|---|---|---|---|
| 001 | 20772 | ||
| 003 | IN-NITTTR | ||
| 005 | 20251114233237.0 | ||
| 008 | 251113s9999||||xx |||||||||||||| ||eng|| | ||
| 040 | _beng | ||
| 040 | _cIN-NITTTR | ||
| 041 | _aeng | ||
| 082 | _a650.14 C18R | ||
| 100 | _aCareer Opportunities Fair , | ||
| 245 | 0 |
_aReport on career... / _cCareer Opportunities Fair (17-18 February, 1998). |
|
| 260 | _c1998 | ||
| 942 |
_2ddc _cBK |
||
| 999 |
_c23402 _d23402 |
||